000 00947nam a2200229Ii 4500
003 JO-AjNU
008 230605s9999||||xx |||||||||||||| ||und||
017 _a2004/4/744
020 _a9957-16-029-x
040 _aJO-AjNU
_bara
_erda
_cJO-AjNU
041 _aara
050 1 4 _aK3239.D3222.2011
100 3 _a الدباس ، علي محمد ، أبو زيد ، علي عليان ,
_eauthor
_925888
245 0 0 _aحقوق الإنسان وحرياته ودور شرعية الإجراءات الشرطية في تعزيزها : دراسة تحليلية لتحقيق التوازن بين حقوق الإنسان وحرياتة وأمن المجتمع تشريعا وفقها وقضاء
250 _aط3
264 3 1 _aعمان : دار الثقافة ، 2011
300 _a304ص
336 _atext
_btxt
_2rdacontent
337 _aunmediated
_bn
_2rdamedia
338 _avolume
_bnc
_2rdacarrier
650 4 _aحقوق الإنسان
_925889
999 _aA9741
_c13309
_d13309